000 00903nam a22003017a 4500
001 5160
003 FISKH
005 20260312145747.0
008 241108b cb ||||| |||| 00| 0 eng d
020 _a9780385384230
040 _aFISKH
_beng
_cFISKH
_dFISKH
050 _aPZ7.D4396
082 _a813.6
100 _aL. Depken, Kristen
245 _aBarbie I can be a gymnast /
_cby Kristen L. Depken Illustrated by Tino Santanach & Joaquin Canizares
250 _aPublished in 2014
260 _aNew York :
_bRandom House,
_c2014.
300 _a32 pages :
_bcolor illustrations ;
_c23 cm
505 _aG
520 _aBarbie joins a gymnastics team and takes part in a competition.
521 8 _a370L
_bLexile
521 8 _aG
_bRaz-Plus
650 _2Picture book
_aBarbie
650 _2Gymnastics
700 _aSantanach, Tino
_dIllustrator
942 _2ddc
_cBK
_n0
999 _c5160
_d5160